000 00358nam a2200145Ia 4500
003 OSt
005 20240108102529.0
008 170524s9999 xx 000 0 und d
020 _a8179651215
040 _cIIMTU UNIVERSITY
100 _aCHADDA- SAVITA
245 0 _aHindi Patrakarita : Shidhant Aar Swarup
260 _bN DELHI TAKSHSHILA
942 _2ddc
_c01
999 _c9281
_d9281